| 000 | 01474nam a2200301Ia 4500 | ||
|---|---|---|---|
| 003 | CO-CtgCURN | ||
| 005 | 20250408173935.0 | ||
| 008 | 190722s2003 xx 000 s spa d | ||
| 020 | _a9586167364 | ||
| 040 |
_aCO-CtgCURN _bspa _ccoctgcurn _erda |
||
| 082 |
_a330 _bE19 |
||
| 245 | 0 |
_aEconomia y ética : _bensayos en memoria de Jesus Antonio Bejarano / _ccomp., Jorge Ivan González |
|
| 260 |
_aBogotá, Colombia : _bUniversidad Externado de Colombia, _c2003 |
||
| 300 |
_a351 páginas ; _c22 centímetros |
||
| 336 | _2rdacontent | ||
| 337 | _2rdamedia | ||
| 338 | _2rdacarrier | ||
| 500 | _aHomenaje a Fernando Hinestrosa 40 anos de rectoria 1963-2003 | ||
| 504 | _aIncluye referencias bibliográficas | ||
| 505 | _aIntroducción. El pensamiento económico es por naturaleza etico -- etica racional y racionalizacion social -- El utilitarismo de Bentham -- Cambio de preferencias y decisiones colectivas: el utilitarismo de John Stuart Mill -- La racionalidad social en Arrow y Buchanan -- Economia del bienestar y justicia distributiva -- etica, instituciones y economía: el rompecabezas de Bejarano. | ||
| 521 | _aAREA SOCIOHUMANISTICA | ||
| 590 | _aTodos los programas académicos | ||
| 650 |
_aEconomia _xAspectos morales y eticos _9781 |
||
| 700 |
_aBejarano, Jesus Antonio _9782 |
||
| 700 |
_aGonzález, Jorge Ivan _ecompilador _9783 |
||
| 942 |
_cBK _h330 _iE19 _2ddc _n0 |
||
| 999 |
_c27909 _d27909 |
||